000 00216nam a22000857a 4500
008 170127b xxu||||| |||| 00| 0 eng d
100 _92590
_aBasu.S.
245 _aGeneral Knowledge-5
260 _aNew Delhi
_bBrittanica
_c2011
999 _c5725
_d5725